Creativity and divergent thinking : a task-specific approach /

Bibliographic Details
Main Author: Baer, John
Format: Book
Language:English
Published: Hillsdale, N.J. : L. Erlbaum Associates, 1993.
Subjects:

MARC

Tag First Indicator Second Indicator Subfields
LEADER 00000cam a2200000 a 4500
001 in00001140121
005 20150930095418.0
008 920804s1993 njua b 001 0 eng
010 |a  92031470  
020 |a 0805812954 (acid-free paper) 
035 |a (OCoLC)26503594 
035 |9 AGB4853AM 
040 |a DLC  |c DLC  |d TXA  |d UtOrBLW 
049 |a TXAM 
050 0 0 |a BF408  |b .B325 1993 
082 0 0 |a 153.3/5  |2 20 
100 1 |a Baer, John. 
245 1 0 |a Creativity and divergent thinking :  |b a task-specific approach /  |c John Baer. 
264 1 |a Hillsdale, N.J. :  |b L. Erlbaum Associates,  |c 1993. 
300 |a viii, 128 pages :  |b illustrations ;  |c 24 cm. 
336 |a text  |b txt  |2 rdacontent 
337 |a unmediated  |b n  |2 rdamedia 
338 |a volume  |b nc  |2 rdacarrier 
504 |a Includes bibliographical references (pages 113-120) and indexes. 
650 0 |a Creative ability. 
650 0 |a Divergent thinking. 
650 0 |a Creative thinking. 
999 |a MARS 
999 f f |s 9bf485cd-a855-3460-8a1f-3842cb64ea0c  |i c376e362-5baf-3a6e-919c-b00c47c2e828  |t 0 
952 f f |p ric  |a Texas A&M University  |b Rellis Campus  |c Joint Library Facility  |d Remote Storage  |t 0  |e BF408 .B325 1993  |h Library of Congress classification  |i unmediated -- volume  |m A14817573964 
998 f f |a BF408 .B325 1993  |t 0  |l Remote Storage